| 000 | 00516cam a22002052a 4500 | ||
|---|---|---|---|
| 001 | 024415 | ||
| 003 | AR-FADEU | ||
| 008 | 311216n1998####xxu####################dd | ||
| 020 | _a84-206-8653-0 | ||
| 092 |
_a320.01 _bM722 _eBDT |
||
| 100 | _aMolina, Ignacio | ||
| 245 | _aConceptos fundamentales de ciencia polĂtica | ||
| 260 | _aMadrid | ||
| 260 | _bAlianza | ||
| 260 | _c1998 | ||
| 300 | _a134 p | ||
| 440 |
_aEl libro universitario, herramientas _n3 |
||
| 650 | _aCIENCIA POLITICA/BDT/ | ||
| 942 | _cBDT | ||
| 999 |
_c30103 _d30103 |
||